Score 0/10 Timer 01:00
0 Plays Today
% Correct
Freddy Krueger
95.1%
Chucky
94.6%
Jack Torrance
90.2%
Michael Myers
87%
Leatherface
87%
Damien
84.7%
Samara
84.7%
Jason Voorhees
84.7%
Annie Wilkes
83.2%
Pinhead
82.7%

Today's Daily Dose

Remove Ads.
Support Sporcle.
Get the best of Sporcle when you Go Orange. This ad-free experience offers more features, more stats, and more fun while also helping to support Sporcle. Thank you for becoming a member.

You're not logged in!

Compare scores with friends on all Sporcle quizzes.
OR
Log In

Show Comments

Extras

Top Quizzes Today


Score Distribution

Your Account Isn't Verified!

In order to create a playlist on Sporcle, you need to verify the email address you used during registration. Go to your Sporcle Settings to finish the process.

Report this User

Report this user for behavior that violates our Community Guidelines.

Details: